000 00670nab a2200193 4500
001 244442
003 OSt
005 20230912082533.0
007 tu
008 200917s2020|||||||
040 _aDE-2950
_cDE-2950
245 0 0 _aFinale mit Pomp, Cats und bewegenden Szenen
_bSommerklänge. Die Festival-Reihe "Klassik ohne Grenzen" in Frankfurt ist am Sonnabend fulminant zu ende gegangen. Es kamen mehr als 4.000 Besucher/
_cPhilipp Stepputtis
264 _c2023
653 _aFrankfurt (Oder)
653 _aSommerklänge
653 _aAbschlusskonzert
773 0 _g34. Jahrgang (2023) Nr. 206 vom 04.09.2023, S. 14, mit Foto
_tMärkische Oderzeitung
942 _2z
_cA
999 _c372719
_d372719